000 00253nam a2200097Ia 4500
008 230508s2012 xx 000 0 und d
041 _aeng
100 _aDR.KUMAR.D.S.
245 _aMECHANICAL MEASUREMENTS & CONTROL
260 _bMETROPOLITAN BOOK CO
_c2012
999 _c340894
_d340894